书目信息 |
| 题名: |
重庆市优秀近现代建筑
|
|
| 作者: | ;重庆市规划局 , 重庆大学建筑城规学院 编 | |
| 分册: | ||
| 出版信息: | 重庆 重庆大学出版社 2007.06 |
|
| 页数: | 150页 | |
| 开本: | 25×25cm | |
| 丛书名: | ||
| 单 册: | ||
| 中图分类: | TU-87 | |
| 科图分类: | ||
| 主题词: | 建筑--jian zhu--文化遗产--保护--重庆市 | |
| 电子资源: | ||
| ISBN: | 978-7-5624-4122-9 | |
| 000 | 01091nam0 2200253 450 | |
| 001 | 012008856792 | |
| 005 | 20080220092108.28 | |
| 010 | @a978-7-5624-4122-9@dCNY98.00 | |
| 100 | @a20080130d2007 em y0chiy0120 ea | |
| 101 | 0 | @achi@aeng |
| 102 | @aCN@b500000 | |
| 105 | @aa z 000yy | |
| 106 | @ar | |
| 200 | 1 | @a重庆市优秀近现代建筑@Achong qing shi you xiu jin xian dai jian zhu@d= Chongqing excellent early modern architecture@f重庆市规划局, 重庆大学建筑城规学院编@Fchong qing shi gui hua ju,chong qing da xue jian zhu cheng gui xue yuan bian@zeng |
| 210 | @a重庆@c重庆大学出版社@d2007.06 | |
| 215 | @a150页@c图@d25×25cm | |
| 330 | @a本书收录了第一批重庆市选定的101个优秀近现代建筑,展示了重庆市3000年悠久的历史和灿烂文化。 | |
| 510 | 1 | @aChongqing excellent early modern architecture@zeng |
| 606 | 0 | @a建筑@Ajian zhu@x文化遗产@x保护@y重庆市 |
| 690 | @aTU-87@v4 | |
| 711 | 02 | @a重庆市规划局@Achong qing shi gui hua ju@4编 |
| 711 | 02 | @a重庆大学建筑城规学院@Achong qing da xue jian zhu cheng gui xue yuan@4编 |
| 801 | 0 | @aCN@bQSSK@c20080220 |
| 905 | @b281214-15@dTU-87@eC841@f2 | |
| 重庆市优秀近现代建筑= Chongqing excellent early modern architecture/重庆市规划局, 重庆大学建筑城规学院编.-重庆:重庆大学出版社,2007.06 |
| 150页:图;25×25cm |
| ISBN 978-7-5624-4122-9:CNY98.00 |
| 本书收录了第一批重庆市选定的101个优秀近现代建筑,展示了重庆市3000年悠久的历史和灿烂文化。 |
| ● |
| 相关链接 |
|
|
|
正题名:重庆市优秀近现代建筑
索取号:TU-87/C841
 
预约/预借
| 序号 | 登录号 | 条形码 | 馆藏地/架位号 | 状态 | 备注 |
| 1 | 281214 | 202812144 | 建筑库101/101建筑库 21排3列3层/ [索取号:TU-87/C841] | 在馆 | |
| 2 | 281215 | 202812153 | 建筑库101/101建筑库 21排3列3层/ [索取号:TU-87/C841] | 在馆 |